00665nam a2200193 a 4500001001000000003000400010005001700014008004100031040002500072049000900097082001500106100003700121245010700158260004200265300002000307942001400327952011300341999001700454000029565OSt20260321073641.0110418s1985 dr 000 | spa d aDO-SdBNPbspacBNPHU aBNPD axxxbB742r1 a Bosch, Juan, d1909-200197655513aLa República Dominicana :bcausas de la intervención militar norteamericana de 1965 /cJuan Bosch. aSanto Domingo :bAlfa & Omega,c1985. a18 p. ;c20 cm. 2ddccLBS1 0010718PDaPDbPDcCTd2011-04-18iLF1l0oxxx B742rp29565-10r2020-06-25w2020-06-25yLFPDZNo se presta c29057d29057